Lord of the Mysteries - The Moon Pathway - Statistics

General Stats
  • This quiz has been taken 25 times
  • The average score is 7 of 10
Answer Stats
Sequence Number Name of Potion % Correct
Sequence 9 Apothecary
100%
Sequence 0 The Moon
100%
Sequence 7 Vampire
100%
Sequence 8 Beast Tamer
94%
Sequence 1 Beauty Goddess
78%
Sequence 4 Shaman King
72%
Sequence 6 Potions Professor
61%
Sequence 5 Scarlet Scholar
56%
Sequence 3 High Summoner
33%
Sequence 2 Life-Giver
33%
No matching quizzes found
Score Distribution
Percent of People with Each Score
Percentile by Number Answered
Your Score History
You have not taken this quiz